000 00730nam a2200193 a 4500
001 000002687
005 20200929150234.0
008 090703s2007 cu a 000 0 spa d
020 _a9592102554
040 _aDO-SdBNP
_bspa
_cBNPHU
082 _axxxxxxxxxx
_bxxxxxxxxxx
245 0 3 _aEl Generalísimo. /
_cedición Jacquelline Teillagorry Criado ; Diana Lio Busquet ; ilustraciones Luis Lorenzo Sosa, Domingo García Rodríguez.
260 _aLa Habana, Cuba :
_bEdiciones Abril ;,
_c2007.
300 _a32 p. :
_bil. ;
_c28 cm.
700 1 _aTeillagorry Criado, Jacquelline,
_eed.
_98468
700 1 _aLio Busquet, Diana,
_eed.
_98469
700 1 _aLorenzo Sosa, Luis,
_eil.
_98470
700 1 _aGarcía Rodríguez, Domingo,
_eil.
_98471
999 _c2523
_d2523